A woman's place ?

Αποθηκεύτηκε σε:
Λεπτομέρειες βιβλιογραφικής εγγραφής
Κύριος συγγραφέας: Vincent, Monica
Μορφή: Βιβλίο
Γλώσσα:English
Δημοσίευση: Harlow, Essex : Longman, 1982
Σειρά:Longman structural readers. LSR analysis ; ; Stage 5
Θέματα:
Ετικέτες: Προσθήκη ετικέτας
Δεν υπάρχουν, Καταχωρήστε ετικέτα πρώτοι!

MARC

LEADER 00000nam a2200000 i 4500
001 1/51099
008 960402s1982 eng d
020 |a 0582524105 
035 |l 10027116 
040 |a GR-MY-UA  |b gre  |e aacr 
041 0 |a eng 
082 0 |a 428.64 
100 1 |a Vincent, Monica. 
245 1 2 |a A woman's place ? /  |c Monica Vincent 
260 |a Harlow, Essex :   |b Longman,   |c 1982 
300 |a 63 p. 
490 1 |a Longman structural readers. Stage 5, LSR analysis. LSR analysis  |v ; Stage 5 
650 0 0 |a English language  |x Readers. 
650 0 0 |a English language  |v Textbooks for foreign speakers. 
830 0 |a Longman structural readers. LSR analysis ;  |v ; Stage 5 
852 |a INST  |b CHIOS  |e 19960402  |h 428.64 VIN  |p 005200005062  |q 005200005062  |t BK  |y 0 
909 |a Χ  |b 004842